[Event "Romulus op"]
[Site "Romulus"]
[Date "2000.09.03"]
[Round "5"]
[White "Aldrich, Justin M"]
[Black "Raugh, Walter"]
[Result "1/2-1/2"]
[WhiteElo "1584"]
[BlackElo "1150"]
[PlyCount "83"]
[EventDate "2000.09.01"]
[EventType "swiss"]
[EventRounds "7"]
[EventCountry "USA"]
[SourceTitle "EXT 2007"]
[Source "ChessBase"]
[SourceDate "2006.11.23"]
[SourceVersion "1"]
[SourceVersionDate "2006.11.23"]
[SourceQuality "1"]

1. e4 c5 2. Nf3 d6 3. Bb5+ Bd7 4. Bxd7+ Qxd7 5. 0-0 Nc6 6. c3 Nf6 7. Re1 0-0-0 8. d4 cxd4 9. cxd4 d5 10. e5 Ne4 11. Nbd2 f5 12. a3 h6 13. b4 b6 14. Nb3 Kb7 15. b5 Na5 16. Nxa5+ bxa5 17. a4 e6 18. Ba3 g5 19. Re3 f4 20. Rd3 g4 21. Nd2 h5 22. f3 gxf3 23. Qxf3 Nxd2 24. Rxd2 Bxa3 25. Rxa3 Rc8 26. Ra1 Qf7 27. Rf2 Rhf8 28. Rff1 Rc4 29. Rfc1 Rfc8 30. Qd1 Qf5 31. Rxc4 Rxc4 32. Rc1 Qe4 33. Rxc4 dxc4 34. Kf1 c3 35. Qxh5 Qd3+ 36. Ke1 Qe3+ 37. Kf1 Qd3+ 38. Ke1 Qd2+ 39. Kf1 Qd3+ 40. Ke1 Qb1+ 41. Kf2 Qc2+ 42. Ke1 1/2-1/2

[Event "Romulus op"]
[Site "Romulus"]
[Date "2000.09.02"]
[Round "2"]
[White "Griffin, John P"]
[Black "Raugh, Walter"]
[Result "1/2-1/2"]
[WhiteElo "1610"]
[BlackElo "1150"]
[PlyCount "107"]
[EventDate "2000.09.01"]
[EventType "swiss"]
[EventRounds "7"]
[EventCountry "USA"]
[SourceTitle "EXT 2007"]
[Source "ChessBase"]
[SourceDate "2006.11.23"]
[SourceVersion "1"]
[SourceVersionDate "2006.11.23"]
[SourceQuality "1"]

1. d4 Nf6 2. c4 g6 3. Nc3 Bg7 4. e4 d6 5. Be2 0-0 6. Nf3 e5 7. d5 c6 8. Bg5 h6 9. Bc1 Re8 10. Nd2 a5 11. 0-0 Na6 12. a3 Nc5 13. f3 Qb6 14. Kh1 Rd8 15. Na4 Nxa4 16. Qxa4 cxd5 17. cxd5 Bd7 18. Qb3 Qxb3 19. Nxb3 a4 20. Nd2 b5 21. Re1 Rac8 22. Nf1 Rc7 23. Ne3 Rdc8 24. Bd2 h5 25. Rac1 Rxc1 26. Rxc1 Rxc1+ 27. Bxc1 Bh6 28. Kg1 Kf8 29. Kf2 Ke8 30. Bd2 Kd8 31. Bb4 Ne8 32. Nd1 Bf8 33. Bd2 Kc8 34. f4 exf4 35. Bxf4 Nc7 36. h3 Be7 37. g4 hxg4 38. hxg4 Kb7 39. Kf3 f5 40. gxf5 gxf5 41. Bd2 fxe4+ 42. Kxe4 Be8 43. Ne3 Bg6+ 44. Kf4 Bf6 45. Bb4 Be5+ 46. Kg4 Be4 47. Bf3 Bxf3+ 48. Kxf3 Na6 49. Bc3 Bxc3 50. bxc3 Nc7 51. Ke4 Kb6 52. Kd4 Na8 53. Nc2 Kc7 54. Nb4 1/2-1/2